| 000 | 00655nam a2200205 u 4500 | ||
|---|---|---|---|
| 005 | 20210223132229.0 | ||
| 008 | 131202s2001 r 000 0 eng d | ||
| 020 | _a9683691137 | ||
| 035 | _aUPN01000194395 | ||
| 049 | _aCG | ||
| 050 | 4 |
_aPS3531 O8.2 _bA7.7 |
|
| 100 | 1 |
_aPound, Ezra Loomis, _d1885-1972 _933875 |
|
| 245 | 1 | 3 |
_aEl artista serio y otros ensayos literarios / _cEzra Pound ; selec., tr. y pról. Federico Patán. |
| 260 |
_aMéxico : _bUNAM, _c2001. |
||
| 300 | _a201 p. | ||
| 440 | 0 |
_aPoemas y ensayos. _pGrandes ensayistas |
|
| 650 | 4 |
_aENSAYOS ESTADOUNIDENSES - _vTRADUCCIONES AL ESPAÑOL _918653 |
|
| 905 | _aLibro | ||
| 999 |
_c166496 _d166496 |
||